000 00519nam a2200193Ia 4500
005 20250923144911.0
008 008 250917s9999 xx 000 0 eng d
037 _aTextual
040 _aDSWL
_beng
_cDSWL
041 _aeng
_2eng
084 _aY31(J).2'N3, N4
_qDSWL
245 0 _aSons of the Soil
_cEd. by W. Burns
260 _aDelhi
_bManager of the Publication
_c1944
300 _aix,134p.
365 _aINR
_b5
925 _g5
942 _cTEXL
_hY31(J).2'N3, N4
999 _c1444769
_d1444769